000 00635nam a2200205Ia 4500
008 191130s2005##################000#0#eng##
020 _a085199587X
040 _aACL
_cACL
082 _a592.48 JON.2
245 _aKeys to the Trematoda
_cedited by Arlene Jones, Rodney A. Bray and David I. Gibson
260 _aWallingford
_bCABI Pub. and The Natural History Museum
_c2005
300 _a3 v. : ill. ; 26 cm
650 _aTrematoda -- Identification
700 _aBray, Rodney A
700 _aGibson, David Ian
700 _aJones, Arlene
990 _a8b390832ac10000c5fb8372bda92b3e1
991 _a200604
999 _c270210
_d270210